00237nam a2200085Ia 4500008004100000245002600041260000900067650001300076856006200089170221s9999 xx 000 0 und d aAims & Scope (page 2) c2015 xBusiness uhttp://onlinelibrary.wiley.com/doi/10.1111/jbfa.12144/pdf